000 00445nam a2200133Ia 4500
008 230917s9999||||xx |||||||||||||| ||und||
040 _e5013343
_aMAIN
041 _aEnglish
082 _a372.24 N629S
100 _aNirmla Kumari
245 0 _aScholastic achievement and self-efficacy among secondary school students in relation to obedient-disobedient tendency, emotional competence and educational aspirations
260 _c2021
942 _cBK
999 _c10433
_d10433